[Event "Hradec Kralove op 9th"]
[Site "Hradec Kralove"]
[Date "2018.10.07"]
[Round "9"]
[White "Moeckel, Jens"]
[Black "Starosta, Martyna"]
[Result "1-0"]
[WhiteElo "1882"]
[BlackElo "1700"]
[PlyCount "109"]
[EventDate "2018.09.30"]
[EventType "swiss"]
[EventRounds "9"]
[EventCountry "CZE"]
[SourceTitle "CBM 186 Extra"]
[Source "ChessBase"]
[SourceDate "2018.08.24"]
[SourceVersion "1"]
[SourceVersionDate "2018.08.24"]
[SourceQuality "1"]

1. d4 Nf6 2. c4 g6 3. Nf3 Bg7 4. g3 c6 5. Bg2 d5 6. a4 0-0 7. 0-0 dxc4 8. Nc3 Nd5 9. e4 Nxc3 10. bxc3 b5 11. Qc2 Bb7 12. Rd1 a6 13. d5 cxd5 14. exd5 b4 15. Bb2 bxc3 16. Bxc3 Bxc3 17. Qxc3 Bxd5 18. Rxd5 Qxd5 19. Nd4 Qc5 20. Bxa8 Rd8 21. Nc2 a5 22. Rb1 Na6 23. Rb5 Qc7 24. Be4 Rb8 25. Rxb8+ Nxb8 26. Ne3 Nd7 27. Qxc4 Qd6 28. Qd5 Qc7 29. Qc6 Qxc6 30. Bxc6 Nc5 31. Nc4 Nb3 32. f4 Kg7 33. Kf2 Kf6 34. Ke3 g5 35. fxg5+ Kxg5 36. Be4 f5 37. Bc2 Nc5 38. Nxa5 e5 39. Bd1 f4+ 40. gxf4+ exf4+ 41. Kf3 Kh4 42. Kg2 f3+ 43. Kxf3 Kh3 44. Nc4 Kxh2 45. a5 Kh3 46. Ke3 Kg3 47. Kd4 Na6 48. Ne3 Kf4 49. Be2 Nb8 50. Nd5+ Kf5 51. Kc5 Ke5 52. Bg4 h6 53. Bc8 h5 54. Nb6 Ke4 55. Nd7 1-0

[Event "Hradec Kralove op 9th"]
[Site "Hradec Kralove"]
[Date "2018.10.01"]
[Round "2"]
[White "Jirasek, Pavel"]
[Black "Moeckel, Jens"]
[Result "1-0"]
[WhiteElo "2249"]
[BlackElo "1882"]
[PlyCount "62"]
[EventDate "2018.09.30"]
[EventType "swiss"]
[EventRounds "9"]
[EventCountry "CZE"]
[SourceTitle "CBM 186 Extra"]
[Source "ChessBase"]
[SourceDate "2018.08.24"]
[SourceVersion "1"]
[SourceVersionDate "2018.08.24"]
[SourceQuality "1"]

1. e4 g6 2. d4 Bg7 3. Nc3 d6 4. Be3 Nc6 5. Nf3 Nf6 6. d5 Ne5 7. Nxe5 dxe5 8. Qd2 Ng4 9. Bg5 f6 10. Bh4 0-0 11. Bc4 Kh8 12. Qe2 f5 13. f3 Nh6 14. 0-0-0 fxe4 15. Nxe4 Nf5 16. Bg3 Nd4 17. Qe3 b5 18. Bb3 a5 19. a3 a4 20. Ba2 Rb8 21. c3 Nf5 22. Qe2 Nxg3 23. hxg3 Bf5 24. Ng5 h5 25. g4 e6 26. Qe3 Bf6 27. Nxe6 Bxe6 28. Qh6+ Kg8 29. Qxg6+ Bg7 30. dxe6 Qe7 31. Rd7 Rf6 1-0

[Event "Wunsiedel op 12th"]
[Site "Wunsiedel"]
[Date "2018.05.18"]
[Round "2"]
[White "Naumann, Thomas"]
[Black "Moeckel, Jens"]
[Result "0-1"]
[WhiteElo "1726"]
[BlackElo "1868"]
[PlyCount "59"]
[EventDate "2018.05.17"]
[EventType "swiss"]
[EventRounds "9"]
[EventCountry "GER"]
[SourceTitle "CBM 184 Extra"]
[Source "ChessBase"]
[SourceDate "2018.06.28"]
[SourceVersion "1"]
[SourceVersionDate "2018.06.28"]
[SourceQuality "1"]

1. d4 g6 2. c4 Bg7 3. Nc3 d6 4. e4 Nc6 5. Be3 e5 6. d5 Nce7 7. Qd2 f5 8. exf5 Nxf5 9. Bd3 Nxe3 10. Qxe3 Bh6 11. Qe2 Qg5 12. Nf3 Qxg2 13. Rg1 Qh3 14. Nxe5 dxe5 15. Qxe5+ Kf7 16. Rg3 Bg7 17. Qf4+ Nf6 18. Rxh3 Bxh3 19. Qxc7+ Nd7 20. 0-0-0 Be5 21. Qa5 b6 22. Qa4 Nc5 23. Qc2 Rhe8 24. Ne2 b5 25. Rg1 Nxd3+ 26. Qxd3 Bf5 27. Qf3 Rac8 28. Ng3 Rxc4+ 29. Kd1 Rd4+ 30. Ke1 0-1

[Event "Plzen op 9th"]
[Site "Plzen"]
[Date "2017.11.25"]
[Round "7"]
[White "Aird, Ian"]
[Black "Moeckel, Jens"]
[Result "1-0"]
[WhiteElo "1738"]
[BlackElo "1937"]
[PlyCount "81"]
[EventDate "2017.11.19"]
[EventType "swiss"]
[EventRounds "7"]
[EventCountry "CZE"]
[SourceTitle "CBM 181 Extra"]
[Source "ChessBase"]
[SourceDate "2017.12.12"]
[SourceVersion "1"]
[SourceVersionDate "2017.12.12"]
[SourceQuality "1"]

1. e4 g6 2. d4 Bg7 3. Nc3 d6 4. Nf3 Nf6 5. Be2 0-0 6. 0-0 Nbd7 7. e5 dxe5 8. dxe5 Ng4 9. e6 fxe6 10. Ng5 Nxh2 11. Kxh2 Nb6 12. Qxd8 Rxd8 13. Bg4 Rd6 14. Re1 e5 15. Bxc8 Rxc8 16. Nge4 Rc6 17. b3 e6 18. Bb2 Nd5 19. a3 a5 20. Rad1 b5 21. Nxd5 exd5 22. Rxd5 Rxc2 23. Rd2 Rxd2 24. Nxd2 Rd8 25. Ne4 Rd3 26. Re3 Rxe3 27. fxe3 Kf7 28. Kg3 h6 29. Kf3 g5 30. g4 b4 31. a4 Kg6 32. Kg3 h5 33. gxh5+ Kxh5 34. Nd2 g4 35. Nc4 c5 36. Nxa5 Bh6 37. Nc4 Bg5 38. a5 Bh4+ 39. Kg2 Be1 40. a6 Bc3 41. a7 1-0

[Event "Plzen op 9th"]
[Site "Plzen"]
[Date "2017.11.20"]
[Round "2"]
[White "Moeckel, Jens"]
[Black "Eret, Jonas"]
[Result "0-1"]
[WhiteElo "1937"]
[BlackElo "2205"]
[PlyCount "92"]
[EventDate "2017.11.19"]
[EventType "swiss"]
[EventRounds "7"]
[EventCountry "CZE"]
[SourceTitle "CBM 181 Extra"]
[Source "ChessBase"]
[SourceDate "2017.12.12"]
[SourceVersion "1"]
[SourceVersionDate "2017.12.12"]
[SourceQuality "1"]

1. d4 d6 2. Nf3 Nf6 3. g3 Nbd7 4. Bg2 e5 5. dxe5 dxe5 6. 0-0 Be7 7. b3 c6 8. Bb2 Qc7 9. Nbd2 0-0 10. Nc4 e4 11. Ng5 b5 12. Ne3 Nc5 13. c4 h6 14. Nh3 b4 15. Qc2 a5 16. a4 Bd7 17. Rad1 Rfe8 18. Kh1 Rad8 19. Ng1 h5 20. Bd4 Bf8 21. Qb2 Ng4 22. Nh3 Ne6 23. Nxg4 Nxd4 24. Ne3 Nf5 25. Nf4 h4 26. Rxd7 Qxd7 27. Bh3 Qd4 28. Qxd4 Nxd4 29. gxh4 Nxb3 30. Rg1 Nd4 31. Nh5 Kh8 32. Nf4 b3 33. c5 Bxc5 34. Nc4 Bb4 35. e3 Nf3 36. Rb1 Nxh4 37. Ne2 c5 38. Bf1 Re6 39. Rxb3 Rd1 40. Ng3 Rh6 41. Ne5 Rh5 42. Nxf7+ Kg8 43. h3 Kxf7 44. Nxh5 Rxf1+ 45. Kh2 g5 46. Ng3 Nf3+ 0-1

[Event "Rostock SSC op 16th"]
[Site "Rostock"]
[Date "2017.07.28"]
[Round "4"]
[White "Moeckel, Jens"]
[Black "Seichter, Andreas"]
[Result "1/2-1/2"]
[WhiteElo "1944"]
[BlackElo "1768"]
[PlyCount "67"]
[EventDate "2017.07.26"]
[EventType "swiss"]
[EventRounds "7"]
[EventCountry "GER"]
[SourceTitle "EXT 2018"]
[Source "ChessBase"]
[SourceDate "2017.10.13"]
[SourceVersion "1"]
[SourceVersionDate "2017.10.13"]
[SourceQuality "1"]

1. d4 d5 2. c4 e6 3. Nf3 Nf6 4. g3 Be7 5. Bg2 0-0 6. 0-0 c6 7. Qc2 Nbd7 8. Rd1 Re8 9. b3 b6 10. cxd5 cxd5 11. Bf4 Ba6 12. Bf1 Rc8 13. Qb2 Ne4 14. Nfd2 Bd6 15. Bxd6 Nxd6 16. Qa3 Nb8 17. Rc1 Qe7 18. Nc3 Nf5 19. Qxe7 Rxe7 20. e3 Rec7 21. Bxa6 Nxa6 22. Ne2 g5 23. Rxc7 Rxc7 24. Rc1 f6 25. Rxc7 Nxc7 26. Nc3 Kf7 27. Kf1 h5 28. Ke2 Nd6 29. Kd3 g4 30. e4 dxe4+ 31. Ndxe4 Ke7 32. Nxd6 Kxd6 33. Ke4 f5+ 34. Kf4 1/2-1/2

[Event "Rostock SSC op 16th"]
[Site "Rostock"]
[Date "2017.07.26"]
[Round "2"]
[White "Moeckel, Jens"]
[Black "Roeste, Stein"]
[Result "1-0"]
[WhiteElo "1944"]
[BlackElo "1465"]
[PlyCount "45"]
[EventDate "2017.07.26"]
[EventType "swiss"]
[EventRounds "7"]
[EventCountry "GER"]
[SourceTitle "EXT 2018"]
[Source "ChessBase"]
[SourceDate "2017.10.13"]
[SourceVersion "1"]
[SourceVersionDate "2017.10.13"]
[SourceQuality "1"]

1. d4 Nf6 2. c4 g6 3. Nf3 Bg7 4. g3 d6 5. Bg2 0-0 6. Nc3 c6 7. 0-0 Bf5 8. Nh4 Bd7 9. Qc2 Ne8 10. Rd1 f5 11. d5 Nf6 12. Bg5 Qe8 13. c5 dxc5 14. Qb3 cxd5 15. Bxf6 e6 16. Nxd5 exd5 17. Bxd5+ Kh8 18. Bxg7+ Kxg7 19. Qxb7 Qxe2 20. Qxa8 Qxb2 21. Qb7 Qf6 22. Rab1 f4 23. Qb2 1-0